000 00670nam a2200193Ia 4500
003 IN-BaIIA
008 211028s9999 xx 000 0 eng d
040 _cIIA Library
080 _a(05)52
_bANN-1
245 0 _aAnnual review of astronomy and astrophysics
_bvol. 1
_cedited by Leo Goldberg, Armin Deutsch and David Layzer
260 _aPalo Alto
_bAnnual Reviews
_c1963
300 _avii, 418p.
650 _aAstronomy - Periodicals
_94087
650 _aAstrophysics - Periodicals
_94088
700 _aDeutsch, Armin J., ed.
_94089
700 _aGoldberg, Leo, ed.
_94090
700 _aLayzer, David, ed.
_94091
942 _cBK
999 _c2282
_d2282